01410cam a22003131 4500001001300000003000400013005001700017008004100034010001700075035001900092040004700111042001200158050002300170100004500193245033500238260003800573300003500611490009700646500003700743500004500780650004700825700004000872700002500912700002100937700001800958700002800976810007501004999001701079gs 24000109 DLC20260227111328.0780915s1921 wiu s000 0 eng c ags 24000109  a(OCoLC)4225283 aLibrary, U. S. Geological SurveycAzUdDLC apremarc00aQE179b.A2 no. 54d1 aWhitson, A. R.q(Andrew R.),d1870-1945.10aSoil survey of Outagamie County, Wisconsin,cby A. R. Whitson, W. J. Geib, Martin O. Tosterud, Marion C. Ford and E. J. Graul of the Wisconsin Geological and Natural History Survey, and Horace V. Geib of the U. S. Dept. of Agriculture. Survey conducted in cooperation with the United States Dept. of Agriculture, Bureau of Soils. aMadison, Wis.,bThe State,c1921. a78 p.bII pl., tables.c23 cm.1 aWisconsin. Geological and natural history survey. Bulletinvno. 54-D. Soil series, no. 26 aBulletins nos. 54-A, -B, and -C. aFolded colored map in separate envelope. 0aSoil surveyszWisconsinzOutagamie County.1 aGeib, W. J.q(Warren Jacob),d1880-1 aTosterud, Martin O.,1 aFord, Marion C.,1 aGraul, E. J.,1 aGeib, Horace V.,d1890-2 aWisconsin Geological and Natural History Survey.tBulletin.vno. 54-D. c26312d26312